Vnímanie značky Slovensko z pohľadu vybraných subjektov zainteresovaných na rozvoji cestovného ruchu

Na tvorbe značky cieľového miesta sa podieľajú predovšetkým návštevníci, podniky cestovného ruchu a inštitúcie zainteresované na jeho rozvoji. Východiská tvorby značky. Značka Good Idea Slovakia. Vnímanie značky rezidentmi. Vnímanie značky slovenskými podnikmi.

Guardado en:
Detalles Bibliográficos
Autor principal: Šimočková, Ivana
Otros Autores: Krajčíková, Adriána
Formato: Capítulo de libro
Lenguaje:eslovaco
Materias:
Etiquetas: Agregar Etiqueta
Sin Etiquetas, Sea el primero en etiquetar este registro!

MARC

LEADER 00000naa a2200000 4500
001 0259934
005 20191126150550.4
041 0 |a slo 
044 |a SK 
245 1 0 |a Vnímanie značky Slovensko z pohľadu vybraných subjektov zainteresovaných na rozvoji cestovného ruchu  |c Ivana Šimočková, Adriána Krajčíková 
520 |a Na tvorbe značky cieľového miesta sa podieľajú predovšetkým návštevníci, podniky cestovného ruchu a inštitúcie zainteresované na jeho rozvoji. Východiská tvorby značky. Značka Good Idea Slovakia. Vnímanie značky rezidentmi. Vnímanie značky slovenskými podnikmi. 
610 2 0 |a ruch cestovný 
610 2 0 |a Slovensko 
610 2 0 |a značky 
610 2 0 |a prieskum 
100 1 |a Šimočková, Ivana 
700 1 |a Krajčíková, Adriána